Top 20 championnat du monde 2019 de Cyclisme sur route - Statistiques

Statistiques générales
  • Ce quiz a été pris 181 fois
  • Le résultat moyen est 9 sur 20
Statistiques - réponses
Place Pays Réponse % Correct
1er Danemark Mads Pedersen
96%
5eme Slovaquie Peter Sagan
91%
3eme Suisse Stefan Küng
79%
10eme Portugal Rui Costa
70%
2eme Italie Matteo Trentin
69%
7eme Norvège Alexander Kristoff
64%
18eme Slovénie Tadej Pogacar
56%
6eme Danemark Michael Valgren
53%
12eme Danemark Jakob Fuglsang
46%
4eme Italie Gianni Moscon
44%
11eme Italie Sonny Colbrelli
41%
13eme République Tchèque Zdeněk Štybar
40%
8eme Belgique Greg Van Avermaet
39%
19eme Allemagne Nils Politt
23%
9eme Espagne Gorka Izagirre
20%
16eme Espagne Ion Izagirre
20%
15eme Allemagne John Degenkolb
16%
14eme Colombie Carlos Betancur
8%
20eme Pays-Bas Niki Terpstra
8%
17eme Norvège Amund Grøndahl Jansen
5%
Aucun quiz correspondant
Distribution des résultats
% des personnes avec chaque résultat
Percentile par nombre de réponses
Votre historique - résultats
Vous n’avez pas pris ce quiz